Statistics for German Empire Quiz

Click here to take the quiz!

General Stats

  • This quiz has been taken 83 times
  • The average score is 12 of 20

Answer Stats

HintAnswer% Correct
"Iron Chancellor"Otto von Bismarck
91%
Dominant statePrussia
89%
Site of the founding of the German Empire, used again in a 1919 treatyVersailles
86%
German-language title for the head of state, meaning emperorKaiser
83%
Monarch who wanted a "place in the sun" for Germany, and lead it into World War IWilhelm II.
83%
Empire left out of the German unificationAustria
80%
Marxist who was granted passage through Germany to trigger a revolution in RussiaVladimir Lenin
78%
Prussian lieutenant, WWI general, Weimar Republic president, and airship namesakePaul von Hindenburg
75%
Which African colonies were acquired?South West Africa
73%
Name of the parliament and its seat, which is used again todayReichstag
69%
Cameroon
61%
Togoland
61%
East Africa
48%
Western region that saw a massive growth tanks to coal and steel productionRuhr Valley
48%
Religious group that was targeted in the Kulturkampf ("struggle of cultures")Catholics
44%
Nihilistic philosopher and fan of the above-mentioned, who proclaimed God to be deadFriedrich Nietzsche
38%
Type of helmet famously worn by the same chancellorPickelhaube
38%
Opera composer who popularized Germanic myths such as "Der Ring des Nibelungen"Richard Wagner
36%
Label intended to warn of German products but became a marker of high qualityMade in Germany
20%
Author who rose to fame after the release of "Buddenbrooks"Thomas Mann
19%

Score Distribution

Percentile by Number Answered

Percent of People with Each Score

Your Score History

You have not taken this quiz